Départements de Nouvelle Aquitaine - Erreur Éliminatoire - Statistiques

Statistiques générales
  • Ce quiz a été pris 63 fois
  • Le résultat moyen est 8 sur 12
Statistiques - réponses
Départements % Correct
Gironde
87%
Landes
80%
Charente
76%
Charente-Maritime
75%
Pyrénées-Atlantiques
73%
Dordogne
67%
Deux-Sèvres
58%
Vienne
58%
Creuse
53%
Haute-Vienne
53%
Corrèze
51%
Lot-et-Garonne
47%
Aucun quiz correspondant
Distribution des résultats
% des personnes avec chaque résultat
Percentile par nombre de réponses
Votre historique - résultats
Vous n’avez pas pris ce quiz